000 01134nam a22002297a 4500
999 _c9149
_d9149
003 AR-CdUCM
008 190327b ||||| |||| 00| 0 spa d
040 _aMUNICIPALIDAD PROVINCIAL DEL CUSCO
_cBIBLIOTECA MUNICIPAL DEL CUSCO
082 _a519 /
_bAY94
100 _aAyres, Frank
_923212
245 _aTeoría y problemas de matematicas financieras /
260 _aColombia :
_bMcGraw-Hill,
_c1971.
300 _a230 páginas ;
_c27 cm.
440 _aSerie de compendios Schaum.
_925186
505 _aContenido : Operaciones con números - Exponentes y logaritmos -- Progresiones -- Interes simple -- Descuento simple -- Pagos parciales -- Interes compuesto -- Anualidades ciertas ordinarias -- Amortización y fondos de amortización -- Bonos -- Anualidades anticipadas diferidas y perpetuidades -- Anualidades ciertas caso general -- Probabildades y la tabla de mortalidad -- Anualidades contingentes -- Seguro de vida.
650 _aMatematicas
_99398
650 _aFinanzas
_94496
650 _aMatematicas aplicadas
_925187
700 _aOcampo Compean, Fernando (traductor)
_923214
942 _2ddc
_cLIBROS
945 _azta